Sports Quiz

Random Sports or Decade Quiz

Hit Leaders by Decade Quiz Stats

 Plays Quiz Updated Apr 6, 2016

Challenge
Share
Tweet
Embed
Score 0/55 Timer 10:00
0 Plays Today
Decade Player % Correct
2000sIchiro Suzuki
85.2%
2000sDerek Jeter
83.7%
1970sPete Rose
83.2%
1910sTy Cobb
71.9%
1970sBobby Bonds
62%
1930sLou Gehrig
61%
1960sHank Aaron
57.2%
1990sTony Gwynn
57.1%
1980sWade Boggs
48%
1900sHonus Wagner
47.6%
1950sStan Musial
44.6%
1940sStan Musial
44.6%
1910sShoeless Joe Jackson
43%
1960sBrooks Robinson
42.8%
1960sRoberto Clemente
42.5%
1980sRobin Yount
42%
1990sCraig Biggio
41.3%
1970sRod Carew
34.5%
1950sNellie Fox
32.8%
2000sTodd Helton
31.7%
1920sRogers Hornsby
31.2%
1980sEddie Murray
29.7%
1930sJimmie Foxx
27.8%
1990sRafael Palmeiro
26.1%
1910sTris Speaker
26%
1970sLou Brock
24%
1990sMark Grace
23.7%
1900sNap Lajoie
23.6%
Decade Player % Correct
1920sSam Rice
23.5%
2000sVladimir Guerrero
23.1%
1940sDixie Walker
22.8%
1980sWillie Wilson
21.6%
1990sRoberto Alomar
20.7%
1930sPaul Waner
18.1%
1950sDuke Snider
17.8%
1920sGeorge Sisler
17.4%
1980sDale Murphy
17%
1900sSam Crawford
14.9%
2000sMiguel Tejada
14.2%
1910sEddie Collins
13.8%
1900sWillie Keeler
12%
1930sCharlie Gehringer
11.1%
1950sRichie Ashburn
11%
1960sMaury Wills
8.4%
1940sLou Boudreau
7.4%
1920sFrankie Frisch
7.2%
1920sHarry Heilmann
7%
1940sBobby Doerr
6.2%
1970sAl Oliver
5.9%
1960sVada Pinson
4.6%
1930sEarl Averill
3.8%
1940sBob Elliot
2.1%
1950sAl Dark
2.1%
1900sGinger Beaumont
2.1%
1910sClyde Milan
1.8%

You're not logged in!

Compare scores with friends on all Sporcle quizzes.
Join for Free
OR
Log In

You Might Also Like...

Show Comments

Extras

Top Quizzes Today


Score Distribution

Your Account Isn't Verified!

In order to create a playlist on Sporcle, you need to verify the email address you used during registration. Go to your Sporcle Settings to finish the process.

Report this User

Report this user for behavior that violates our Community Guidelines.

Details: